| 000 | 00758nam a22002057a 4500 | ||
|---|---|---|---|
| 005 | 20180413102649.0 | ||
| 010 | _aB-690858-859 | ||
| 020 |
_a9788184550900 _c550.00 |
||
| 035 | _aB-690858-859 | ||
| 037 |
_bOmega Pub. _adpl |
||
| 082 | _a954.035 | ||
| 100 | _aShukla, S.K. | ||
| 245 |
_aGandhian satyagraha and his chmparan movement / _cby S.K.Shukla |
||
| 260 |
_aNew Delhi _bOmega pub. _c2008 |
||
| 270 |
_a4378/4-B JMD house, Ansari Road, Daryaganj, _bNew Delhi _e110002 |
||
| 300 |
_a206p _c22cm(Hb) |
||
| 500 | _aBalidani | ||
| 942 |
_2ddc _cEN _mSHU _h954.035 |
||
| 999 |
_c151150 _d151150 |
||